Normal view
MARC view
Entry Topical Term
001 - CONTROL NUMBER
- control field: 168537
003 - CONTROL NUMBER IDENTIFIER
- control field: OSt
005 - DATE AND TIME OF LATEST TRANSACTION
- control field: 20240530104104.0
008 - FIXED-LENGTH DATA ELEMENTS
- fixed length control field: 240530|| aca||aabn | a|a d
040 ## - CATALOGING SOURCE
- Original cataloging agency: OSt
- Transcribing agency: OSt
150 ## - HEADING--TOPICAL TERM
- Topical term or geographic name entry element: baibal
670 ## - SOURCE DATA FOUND
- Source citation: Work cat.: (OSt)93900: KVADRAS (Gledis) ಗ್ಲ್ಯಾಡಿಸ್ ಕ್ವಾಡ್ರಸ್ 168534, Mega Bible Quiz, 2018